El niño sordo con problemas sobreagregados. Las discapacidades múltiples: un desafío en educación especial

Saved in:
Bibliografiske detaljer
Hovedforfatter: Guidali de Endeiza, Alicia E (Author)
Format: Bog
Sprog:spansk
Udgivet: Sao Paulo Actilibro 1993
Fag:
Tags: Tilføj Tag
Ingen Tags, Vær først til at tagge denne postø!

MARC

LEADER 00000nam a2200000 a 4500
001 UCY3381
003 CL-VaPUC
008 941222e19930000BL |||||||||||||||||spa|d
082 0 4 |a 371.912  |b GUI  |2 21 
100 0 |a Guidali de Endeiza, Alicia E  |e author  |9 331654 
245 1 3 |a El niño sordo con problemas sobreagregados. Las discapacidades múltiples: un desafío en educación especial 
300 |a 251 p 
942 |c BK 
945 |d 19941222 00:00:00  |a rbrito 
260 |a Sao Paulo  |b Actilibro  |c 1993 
650 0 |a Educación de niños  |9 307451 
650 0 |a Educación especial  |9 307486 
650 0 |a Educación de sordos  |9 308353 
583 |a last modification  |c 20170911 12:57:53  |k Rodrigo Vera 
999 |c 231534  |d 231532 
952 |0 0  |1 0  |4 0  |6 371_912000000000000_GUI_1993  |7 0  |8 A  |9 234873  |a BIBEDU  |b BIBEDU  |c ES_NOD  |d 2019-11-15  |i 3036510  |o 371.912 GUI 1993  |p 3036510  |r 2023-08-09  |w 2019-11-15  |y BK  |k EPE